Epistolari de Raimon d'Abadal i Caldero amb Ramon d'Abadal i de Vinyals i amb Ferran Valls i Taberner: 1909 1940

Uloženo v:
Podrobná bibliografie
Hlavní autoři: Sobreques y Callico, Jaume (Autor), Peláez y Albendea, Manuel J (Autor), Vilanova y Vila-Abadal, Francesc (Autor), Tomas y Belenguer, Manuel (Autor)
Médium: Kniha
Jazyk:katalánština
Vydáno: Barcelona Promocions Publicacions Universitaires 1992
Edice:Colleccio d'Epistolaris Catalans del Segle XX
Témata:
Tagy: Přidat tag
Žádné tagy, Buďte první, kdo vytvoří štítek k tomuto záznamu!

MARC

LEADER 00000nam a2200000 a 4500
001 UCR7134
003 CL-VaPUC
008 980514e19920000SP |||||||||||||||||cat|d
082 0 4 |a 866  |b SOB  |2 21 
100 0 |a Sobreques y Callico, Jaume  |e author  |9 408438 
700 0 |a Peláez y Albendea, Manuel J  |e author  |9 408439 
700 0 |a Vilanova y Vila-Abadal, Francesc  |e author  |9 408440 
700 0 |a Tomas y Belenguer, Manuel  |e author  |9 408441 
245 1 0 |a Epistolari de Raimon d'Abadal i Caldero amb Ramon d'Abadal i de Vinyals i amb Ferran Valls i Taberner: 1909 1940 
300 |a 147 p 
942 |c BK 
945 |d 19980514 00:00:00  |a rbrito 
260 |a Barcelona  |b Promocions Publicacions Universitaires  |c 1992 
650 7 |a CORRESPONDENCIAS ESPAÑOLAS  |2 CL-VaPUC  |9 350179 
583 |a last modification  |c 19980514 00:00:00  |k Rodrigo Vera 
490 0 |a Colleccio d'Epistolaris Catalans del Segle XX 
999 |c 268954  |d 268952 
952 |0 0  |1 0  |4 0  |6 866_000000000000000_SOB_1992  |7 0  |8 P  |9 302474  |a BIBDER  |b BIBDER  |d 2019-11-20  |i 3423212  |o 866 SOB 1992  |p 3423212  |r 2023-01-25  |w 2019-11-20  |y BK  |k DER